Рынок ценных бумаг: учебное пособие

Dettagli Bibliografici
Autore principale: Килячков А. А. Анатолий Анатольевич
Altri autori: Чалдаева Л. А. Лариса Алексеевна
Riassunto:В учебнике глубоко и подробно рассмотрены все аспекты функционирования рынка ценных бумаг. Даны основные понятия и определения, охарактеризованы финансовые инструменты, описана профессиональная деятельность на рынке ценных бумаг, раскрыты особенности стратегий эмитентов и инвесторов, показаны особенности бухгалтерского учета и налогообложения операций с ценными бумагами. Для студентов, преподавателей, аспирантов экономических вузов и факультетов, организаций и лиц, выполняющих операции с ценными бумагами.
Исключено из фонда НТБ ТПУ
Lingua:russo
Pubblicazione: Москва, Экономистъ, 2006
Edizione:2-е изд., с изм.
Serie:Homo faber
Natura: MixedMaterials Libro
KOHA link:https://koha.lib.tpu.ru/cgi-bin/koha/opac-detail.pl?biblionumber=120326

MARC

LEADER 00000nam0a2200000 4500
001 120326
005 20231031124939.0
010 |a 5981180242 
035 |a (RuTPU)RU\TPU\book\130282 
035 |a RU\TPU\book\76519 
090 |a 120326 
100 |a 20041224d2006 m y0rusy50 ca 
101 0 |a rus 
102 |a RU 
105 |a y j 001zy 
200 1 |a Рынок ценных бумаг  |e учебное пособие  |f А. А. Килячков, Л. А. Чалдаева 
205 |a 2-е изд., с изм. 
210 |a Москва  |c Экономистъ  |d 2006 
215 |a 687 с. 
225 1 |a Homo faber 
320 |a Библиогр.: с. 686. 
320 |a Словарь терминов: с. 622-682. 
330 |a В учебнике глубоко и подробно рассмотрены все аспекты функционирования рынка ценных бумаг. Даны основные понятия и определения, охарактеризованы финансовые инструменты, описана профессиональная деятельность на рынке ценных бумаг, раскрыты особенности стратегий эмитентов и инвесторов, показаны особенности бухгалтерского учета и налогообложения операций с ценными бумагами. Для студентов, преподавателей, аспирантов экономических вузов и факультетов, организаций и лиц, выполняющих операции с ценными бумагами. 
333 |a Исключено из фонда НТБ ТПУ 
451 1 |0 (RuTPU)RU\TPU\book\76519  |y 5-98118-024-2  |t Рынок ценных бумаг  |o учебное пособие  |f А. А. Килячков, Л. А. Чалдаева  |e 2-е изд., с изм.  |c М.  |n Экономистъ  |d 2005  |p 687 с.  |s Homo faber  |a Килячков, Анатолий Анатольевич 
686 |a У9(2)262.29я73  |v LBC/SL-A  |2 rubbk 
686 |a У9(2)262.293я73  |v LBC/SL-A  |2 rubbk 
700 1 |a Килячков  |b А. А.  |g Анатолий Анатольевич 
701 1 |a Чалдаева  |b Л. А.  |g Лариса Алексеевна 
801 1 |a RU  |b 63413507  |c 20070824  |g PSBO 
801 2 |a RU  |b 63413507  |c 20210601  |g PSBO 
942 |c BK 
959 |a 48/20070816  |d 2  |e 288,80  |f АНЛ:1  |f ЧЗГЛ:1